000
00337nam a22001457a 4500
008
210303b ||||| |||| 00| 0 eng d
020
_a
9780781722728
041
_a
eng
080
_2
3rd
_a
616.8-006
082
_a
616.8-006
100
_a
6
101
_a
KAN
245
_a
Biologic Therapy of Cancer
_c
Rosenberg, S. A
942
_2
udc
_c
BK
999
_c
55634
_d
55634